Beatles Song Lyrics Challenge [Advanced] - Statistics

General Stats
  • This quiz has been taken 306 times
    302 since last reset
  • The average score is 7 of 25
Answer Stats
Hint Answer % Correct
Which three people met Maxwell's silver hammer with their heads? [In song order] Joan
66%
Which three people met Maxwell's silver hammer with their heads? [In song order] Teacher
55%
Which three people met Maxwell's silver hammer with their heads? [In song order] Judge
54%
When John wants you around yeah, what is all he gotta do? Call you on your phone
46%
She's so good-looking but she looks like a man. Polythene Pam
46%
This happened once before, when John came to your door. No reply
43%
What was the tax rate on the Beatles, according to George? 95%
38%
What await you, pretty darling, when you rise? Smiles
33%
I'm so glad that she's my little girl, but what does she do to show she's so glad? She's telling all the world
32%
What kind of chains isn't George locked up in? The kind that you can see
26%
Which four things do the Beatles want to do all together now? Sail the ship
25%
Which four things do the Beatles want to do all together now? Look at me
23%
Which four things do the Beatles want to do all together now? Chop the tree
22%
What last thing does Arthur Alexander ask from Anna, then he will set her free? Give back your ring to me
22%
Which four things do the Beatles want to do all together now? Skip the rope
20%
Although John laughs and acts like a clown, he does this beneath his mask. Wearing a frown.
20%
Send her back to me, cause everyone can see without her this will happen. I will be in misery
17%
What does Paul tell you to do with these few words till you're together? Treasure them
13%
I didn't realize as I looked in your eyes that you told me [oh yes you told me] this. You don't want my loving anymore
13%
What was there, but Meredith Wilson never hear singing? Love all around
11%
What can you do with any boat you row as John loads a lorry? Syndicate
10%
Why does John love yoooou-woo-woo-woo-woo? Cause you tell him things he wants to know.
9%
What disappointed John when he tried to please her? She only played one night stands
7%
This is true as long as I have you near me. A love like ours could never die
4%
Ringo's girl gets this when he kisses her. The thrill through her fingertips
4%
No matching quizzes found
Score Distribution
Percent of People with Each Score
Percentile by Number Answered
Your Score History
You have not taken this quiz since the last reset